[Event "Mumbai Mayors Cup 11th"]
[Site "Mumbai"]
[Date "2018.06.04"]
[Round "3"]
[White "Yash, Dhoke"]
[Black "Neverov, Valeriy"]
[Result "0-1"]
[WhiteElo "1850"]
[BlackElo "2492"]
[PlyCount "58"]
[EventDate "2018.06.03"]
[EventType "swiss"]
[EventRounds "10"]
[EventCountry "IND"]
[SourceTitle "CBM 184 Extra"]
[Source "ChessBase"]
[SourceDate "2018.06.28"]
[SourceVersion "1"]
[SourceVersionDate "2018.06.28"]
[SourceQuality "1"]

1. Nf3 d6 2. b3 e5 3. d3 f5 4. Nbd2 Nf6 5. Bb2 Be7 6. e4 0-0 7. g3 c5 8. Bg2 Nc6 9. 0-0 f4 10. c3 Bg4 11. h3 Bh5 12. d4 Nd7 13. b4 fxg3 14. fxg3 exd4 15. cxd4 Nxd4 16. Bxd4 cxd4 17. g4 Bg6 18. Nxd4 Rxf1+ 19. Bxf1 Bf6 20. Qb3+ Kh8 21. Qe3 Qb6 22. N2b3 Re8 23. Bg2 Qxb4 24. Rc1 Nc5 25. Nc2 Qb6 26. Nxc5 Qxc5 27. Kh1 Rc8 28. Qb3 b5 29. Bf3 Bg5 0-1